ROAD CONDITIONS AND TRAFFIC SAFETY (Record no. 814548)

MARC details
000 -LEADER
fixed length control field 00361pam a2200157a 44500
008 - FIXED-LENGTH DATA ELEMENTS--GENERAL INFORMATION
fixed length control field 230405s1960 xxu||||| |||| 00| 0 eng d
041 ## - LANGUAGE CODE
Language code of text/sound track or separate title ENG
100 ## - MAIN ENTRY--PERSONAL NAME
Personal name BABKOV V.F
245 ## - TITLE STATEMENT
Title ROAD CONDITIONS AND TRAFFIC SAFETY
250 ## - EDITION STATEMENT
Edition statement 1960
260 ## - PUBLICATION, DISTRIBUTION, ETC.
Place of publication, distribution, etc. NONE
Name of publisher, distributor, etc. MASCOW MIR PUB
Date of publication, distribution, etc. 1960
300 ## - PHYSICAL DESCRIPTION
Extent H.B, 371
650 ## - SUBJECT ADDED ENTRY--TOPICAL TERM
Topical term or geographic name entry element CIVIL
690 ## - LOCAL SUBJECT ADDED ENTRY--TOPICAL TERM (OCLC, RLIN)
Topical term or geographic name as entry element CIVIL
906 ## - LOCAL DATA ELEMENT F, LDF (RLIN)
a 353
Holdings
Withdrawn status Lost status Damaged status Not for loan Collection Home library Current library Date acquired Source of acquisition Cost, normal purchase price Total Checkouts Full call number Barcode Date last seen Price effective from Koha item type
          College of Engineering, Kolhapur College of Engineering, Kolhapur 16/11/2010 SMT.NARULE KOLHAPUR 9.00   624.1/BAB ECK-UG-1337 16/08/2023 16/08/2023 Book